[Event "Zhukovsky Rating-A 08"]
[Site "Zhukovsky"]
[Date "2009.08.14"]
[Round "7"]
[White "Motuz, German"]
[Black "Vdovin, Dmitry"]
[Result "1/2-1/2"]
[WhiteElo "2184"]
[BlackElo "2302"]
[PlyCount "39"]
[EventDate "2009.08.14"]
[EventType "swiss"]
[EventRounds "7"]
[EventCountry "RUS"]
[SourceTitle "EXT 2022"]
[Source "ChessBase"]
[SourceDate "2021.10.06"]
[SourceVersion "1"]
[SourceVersionDate "2021.10.06"]
[SourceQuality "1"]

1. e4 e5 2. Nf3 Nc6 3. Bb5 a6 4. Bxc6 dxc6 5. 0-0 Bg4 6. h3 Bxf3 7. Qxf3 Qd7 8. d3 0-0-0 9. Nd2 f6 10. Nc4 g5 11. Ne3 h5 12. Qf5 Bc5 13. Qxd7+ Rxd7 14. Nf5 Ne7 15. Nxe7+ Rxe7 16. Be3 Bb6 17. g3 g4 18. h4 Rf8 19. Bxb6 cxb6 20. f4 1/2-1/2

[Event "Zhukovsky op"]
[Site "Zhukovsky"]
[Date "2008.??.??"]
[Round "6"]
[White "Elishev, Ivan"]
[Black "Motuz, German"]
[Result "1-0"]
[WhiteElo "2182"]
[BlackElo "2167"]
[PlyCount "23"]
[EventDate "2008.08.22"]
[EventType "swiss"]
[EventRounds "9"]
[EventCountry "RUS"]
[SourceTitle "CBM 126 Extra"]
[Source "ChessBase"]
[SourceDate "2008.11.05"]
[SourceVersion "1"]
[SourceVersionDate "2008.11.05"]
[SourceQuality "1"]

1. e4 c5 2. Nf3 e6 3. c4 Nc6 4. d4 cxd4 5. Nxd4 Nf6 6. Nc3 Bb4 7. Nxc6 bxc6 8. Bd3 0-0 9. e5 Ne8 10. 0-0 d6 11. f4 dxe5 12. Bxh7+ 1-0

[Event "Zhukovsky op"]
[Site "Zhukovsky"]
[Date "2008.??.??"]
[Round "4"]
[White "Kuznetsov, Mikhail"]
[Black "Motuz, German"]
[Result "1/2-1/2"]
[WhiteElo "2122"]
[BlackElo "2167"]
[PlyCount "48"]
[EventDate "2008.08.22"]
[EventType "swiss"]
[EventRounds "9"]
[EventCountry "RUS"]
[SourceTitle "CBM 126 Extra"]
[Source "ChessBase"]
[SourceDate "2008.11.05"]
[SourceVersion "1"]
[SourceVersionDate "2008.11.05"]
[SourceQuality "1"]

1. f4 d5 2. c4 c6 3. Nc3 Nf6 4. d4 g6 5. e3 Bg7 6. Nf3 0-0 7. Ne5 Nbd7 8. Be2 Ne4 9. cxd5 Nxc3 10. bxc3 Nxe5 11. fxe5 cxd5 12. Qb3 b6 13. 0-0 Bf5 14. Ba3 Be4 15. Bf3 Bxf3 16. Rxf3 f5 17. exf6 Rxf6 18. Rxf6 Bxf6 19. e4 e6 20. exd5 Qxd5 21. Qxd5 exd5 22. Rf1 Kg7 23. Rf3 Re8 24. Kf2 Re6 1/2-1/2

[Event "Zhukovsky op"]
[Site "Zhukovsky"]
[Date "2008.??.??"]
[Round "1"]
[White "Motuz, German"]
[Black "Andryushchenko, Sergey"]
[Result "1-0"]
[WhiteElo "2167"]
[BlackElo "1946"]
[PlyCount "59"]
[EventDate "2008.08.22"]
[EventType "swiss"]
[EventRounds "9"]
[EventCountry "RUS"]
[SourceTitle "CBM 126 Extra"]
[Source "ChessBase"]
[SourceDate "2008.11.05"]
[SourceVersion "1"]
[SourceVersionDate "2008.11.05"]
[SourceQuality "1"]

1. e4 c5 2. b3 Nc6 3. Bb2 e6 4. f4 d5 5. exd5 exd5 6. Qf3 Nf6 7. Bb5 Bg4 8. Qe3+ Be7 9. Bxf6 gxf6 10. Nf3 0-0 11. 0-0 Kh8 12. Kh1 Bxf3 13. Rxf3 Rg8 14. Bxc6 bxc6 15. d3 f5 16. Nd2 Bd6 17. Re1 Qf6 18. Nf1 Rg4 19. Ng3 Rag8 20. d4 cxd4 21. Nh5 Bxf4 22. Nxf6 Bxe3 23. Nxg4 Rxg4 24. Rxf5 Rg5 25. Rxf7 Rg7 26. Ref1 Rxf7 27. Rxf7 Kg8 28. Rxa7 d3 29. Ra8+ Kf7 30. cxd3 1-0

[Event "Zhukovsky op"]
[Site "Zhukovsky"]
[Date "2008.??.??"]
[Round "3"]
[White "Motuz, German"]
[Black "Belyaev, Oleg"]
[Result "1-0"]
[WhiteElo "2167"]
[BlackElo "2072"]
[PlyCount "101"]
[EventDate "2008.08.22"]
[EventType "swiss"]
[EventRounds "9"]
[EventCountry "RUS"]
[SourceTitle "CBM 126 Extra"]
[Source "ChessBase"]
[SourceDate "2008.11.05"]
[SourceVersion "1"]
[SourceVersionDate "2008.11.05"]
[SourceQuality "1"]

1. e4 e5 2. Nf3 Nc6 3. Bb5 a6 4. Bxc6 dxc6 5. 0-0 Bg4 6. h3 Bxf3 7. Qxf3 c5 8. d3 Nf6 9. Bg5 Be7 10. Nd2 0-0 11. Nc4 Nd7 12. Bd2 c6 13. Qg3 Re8 14. Bc3 f6 15. Ne3 Nf8 16. Nf5 Ne6 17. Qg4 Qc8 18. f4 exf4 19. Rxf4 Bf8 20. Rf3 Nd4 21. Bxd4 cxd4 22. Rg3 g6 23. Qh4 Qe6 24. Rf1 Bg7 25. Nxd4 Qe5 26. c3 Rad8 27. Nf5 gxf5 28. Rxf5 Qd6 29. Rh5 Rd7 30. Rxh7 Qxg3 31. Qxg3 Kxh7 32. h4 Re5 33. h5 Rg5 34. Qf3 c5 35. Kf2 Re7 36. b3 Rge5 37. Qg4 Rg5 38. Qf3 b5 39. g4 Rge5 40. Ke3 Bh6+ 41. Ke2 Bg5 42. c4 bxc4 43. bxc4 Rb7 44. Qf1 Rb2+ 45. Kf3 Rd2 46. Qb1 Re7 47. e5 Rxe5 48. d4+ Kh8 49. dxe5 fxe5 50. Qg6 Bf4 51. h6 1-0

[Event "Moscow-ch U18"]
[Site "Moscow"]
[Date "2007.12.??"]
[Round "2"]
[White "Motuz, German"]
[Black "Talybov, Shukiur"]
[Result "1-0"]
[WhiteElo "2166"]
[BlackElo "2029"]
[PlyCount "51"]
[EventDate "2007.11.17"]
[EventType "swiss"]
[EventRounds "9"]
[EventCountry "RUS"]
[SourceTitle "EXT 2022"]
[Source "ChessBase"]
[SourceDate "2021.10.06"]
[SourceVersion "1"]
[SourceVersionDate "2021.10.06"]
[SourceQuality "1"]

1. e4 c5 2. Nf3 e6 3. d4 cxd4 4. Nxd4 Nf6 5. Nc3 Nc6 6. Ndb5 Bb4 7. Nd6+ Ke7 8. Nxc8+ Rxc8 9. Bd3 d5 10. exd5 Nxd5 11. 0-0 Nxc3 12. bxc3 Bxc3 13. Rb1 Qd7 14. Ba3+ Ke8 15. Qe2 Nd4 16. Qe4 Rc7 17. Rfd1 f5 18. Qf4 a6 19. Bf1 Kf7 20. Bd6 Rc6 21. Be5 Rd8 22. Qg5 Rg8 23. Bxd4 Bxd4 24. Rxd4 Qxd4 25. Rxb7+ Rc7 26. Rxc7+ 1-0